000 00610nam a2200205Ia 4500
001 15406
003 GE_BSU
008 181216s||||||||xx |||||||||||||| ||und||
040 _cGE_BSU
080 _a82-93:821.353.1-32
100 _aქორქია,როდიონ
245 _aმარილის აკვანში
245 _cრედ.ე.პოლუმორდვინოვი
260 _aთბილისი
260 _bსაბლიტგამი
260 _c1940
300 _a88გვ.17სმ.
653 _aმარილის აკვანში
942 _cBK
999 _c48509
_d48509